00367nam a2200121Ia 4500008004100000041001200041082001500053100008000068245004700148260001800195440000900213650002300222240126s9999 xx 000 0 und d aEnglish aPRCS92-277 aBhat, Y V Jagadish Acharya, M Ramachandra Bhat, Rohith Shetty, Roshan Kumar 0aSpeech recognition and synthesisbSanjay S bNMAMIT, Nitte aNULL aSpeech recognition